• 首页
  • 本馆介绍
  • 公告通知
  • 最新文献
  • 馆藏检索
  • 电子资源
  • 读者导购
  • 参考咨询
  • 我的图书馆
  • 登录
  • 详细信息显示
  • 放入我的书架
  • 预约/预借图书
  • 作者相关作品
  • 分类相关作品
  • 丛书相关作品
  • 出版社相关作品

书目信息

  • 表格格式
  • 工作单格式
  • 卡片格式
题名:
地球之谜
    
 
作者: 杜贤铭 著
分册:  
出版信息: 天津   天津人民出版社  1983
页数: 207页
开本: 21cm
丛书名:
单 册:
中图分类: P183
科图分类:
主题词: 地球
电子资源:
ISBN:
000 00579nam0 2200229 45
001 0183006420
005 20041221094236.5
010    @dCNY0.69
091    @a17072.10
100    @a19950606d1983 em y0chiy0121 ea
101 0  @achi
102    @aCN@b120000
105    @ay z 000yy
200 10 @a地球之谜@Adi qiu zhi mi@f杜贤铭著@FDu Xian Ming Zhu
210    @a天津@c天津人民出版社@d1983
215    @a207页@d21cm
606    @a地球
690    @aP183@v3
701  0 @a杜贤铭@4著
801  0 @aCN@b上海图书馆@c20040520
801  2 @aCN@bNLC@c20040520
905    @dP183@e21@f1@b154734
    
    地球之谜/杜贤铭著.-天津:天津人民出版社,1983
    207页;21cm
    
    
    ISBN :CNY0.69
    
●
相关链接 在E读中查询图书 在五车中查询图书 在当当中查询图书 在豆瓣中查询图书


正题名:地球之谜     索取号:P183/21         预约/预借

序号 登录号 条形码 馆藏地/架位号 状态 备注
1 0106698   001931413   第三借阅区/ [索取号:P183/21] 在馆    
2 0106699   000628253   第三借阅区/ [索取号:P183/21] 在馆    
3 0106700   000628903   第二样本阅览室/ [索取号:P183/21] 在馆    
4 0154733   001931379   第三借阅区/ [索取号:P183/21] 在馆    
5 0154734   001976507   第三借阅区/ [索取号:P183/21] 在馆    
唐山师范学院图书馆 欢迎您!
大连网信软件有限公司© 版权所有